Explorando a luz... (Registo nº 1154)

Detalhes MARC
000 -Etiqueta do registo
Cabeçalho 01045nam a2200277 i 4500
005 - Identificador da versão
Campo de controlo 20240813121827.0
010 ## - Número internacional normalizado dos livros (ISBN)
Número (ISBN) 9789727422647
100 ## - Dados gerais de processamento
Dados gerais de processamento 20080229d2007 k y0pory5003 ba
102 ## - Pais de publicação ou produção
País de publicação Portugal
101 0# - Língua de publicação
Língua do texto, banda sonora, etc. Português
215 ## - Descrição física 
Indicação específica da natureza do documento e extensão da espécie 80 p.
Outras indicações físicas il
Material acompanhante Caderno de registos para crianças (41 p.)
200 1# - Titulo e menção de responsabilidade
Título próprio Explorando a luz...
Informação de outro título sombras e imagens
-- guião didáctico para professores
Primeira menção de responsabilidade Isabel P. Martins...[et al.]
225 2# - Colecção 
Título próprio da colecção Ensino experimental das ciências no 1º ciclo
Indicação de volume 4
210 ## - Publicação, Distribuição, etc. 
Lugar da edição, distribuição, etc. Lisboa
Nome do editor, distribuidor, etc. Direcção-Geral de Inovação e de Desenvolvimento Curricular
Data da publicação, distribuição, etc. 2007
320 ## - Nota relativa a bibliografia e índices internos 
Texto da nota Bibliografia: p. 79-80
500 10 - Título Uniforme
Título uniforme Sombras e imagens
675 ## - Classificação Decimal Universal (CDU)
Notação 373.32:52/59
Edição BN
Língua da edição por
Notação 52/59:373.32
Edição BN
Língua da edição por
701 #1 - Nome de autor-pessoa física (co-responsabilidade principal)
Palavra de ordem Martins
Outra parte do nome não tomada para palavra de ordem Isabel Pinheiro
Código de função Autor / Co-autor
856 ## - Localização e acesso electrónico 
URL <a href="http://www.esec.pt/cdi/ebooks/docs/luz[1].pdf">http://www.esec.pt/cdi/ebooks/docs/luz[1].pdf</a>
Nota para informação ao público Texto integral
URL <a href="http://www.esec.pt/cdi/ebooks/docs/reg_alunos[1].pdf">http://www.esec.pt/cdi/ebooks/docs/reg_alunos[1].pdf</a>
Nota para informação ao público Texto integral - caderno de registos
942 ## - Elementos de entrada adicionados (Koha)
Tipo de item no Koha Livro
Exemplares
Situação do levantamento Origin of item (home branch) (coded) Biblioteca de empréstimo Código de barras Cota Circulation type (not for loan) Tipo de documento Nota do exemplar Damaged status
  Biblioteca Escolar Eng. Nuno Mergulhão Biblioteca Escolar Eng. Nuno Mergulhão BENM2100 37 EDU   Livro Sem mensagem